000 00758nam a22001937a 4500
005 20220803145612.0
008 220803b ||||| |||| 00| 0 eng d
040 _cAloy
041 _ahin
082 _223
_aH891.4
_bNALT
100 _aJayanth Vishnu Nalinkar: जयंत विष्णु नालिंकार
_954656
245 _aTaron ki jeevan gatha: तारों की जीवन गाथा
260 _aNayi Dilli
_bNational Council of Educational Research Parishad
_c1998
300 _a110p.
_bPB
_c19x15cm.
365 _2Hindi
650 _aHindi Miscellaneous: हिंदी विविद
_954654
700 _aJayanth Vishnu Nalinkar: नालिंकार (जयंत विष्णु)
_954655
942 _2ddc
_cGF
999 _c224420
_d224420